Fondo Monetario Internacional y Banco Mundial : estrategias y políticas del poder financiero /
El documento consiste en un análisis del funcionamiento y la trayectoria estratégico-política que caracterizan al Fondo Monetario Internacional (FMI) y al Banco Mundial, incluyendo sus antecedentes históricos.
Guardado en:
| Hovedforfatter: | |
|---|---|
| Andre forfattere: | |
| Format: | Bog |
| Sprog: | Spanish |
| Udgivet: |
Caracas, Venezuela
Editorial Nueva Sociedad
1987
|
| Udgivelse: | 2da. edición |
| Fag: | |
| Tags: |
Tilføj Tag
Ingen Tags, Vær først til at tagge denne postø!
|
MARC
| LEADER | 00000nam a22000007a 4500 | ||
|---|---|---|---|
| 003 | cru CIDCACS/IIS | ||
| 005 | 20230707093122.0 | ||
| 008 | 171109b19861987ve d|||| |||| 00| ||spa d | ||
| 020 | |a 980611017X | ||
| 040 | |c cru CIDCACS/IIS | ||
| 090 | |a 01.03.02 L699f | ||
| 100 | 1 | |9 2647 |a Lichtensztejn, Samuel | |
| 245 | 1 | 0 | |a Fondo Monetario Internacional y Banco Mundial : |b estrategias y políticas del poder financiero / |c Samuel Lichtensztejn; Mónica Baer |
| 250 | |a 2da. edición | ||
| 260 | |a Caracas, Venezuela |b Editorial Nueva Sociedad |c 1987 | ||
| 300 | |a 217 páginas | ||
| 500 | |a Colección Alforja | ||
| 520 | 3 | |a El documento consiste en un análisis del funcionamiento y la trayectoria estratégico-política que caracterizan al Fondo Monetario Internacional (FMI) y al Banco Mundial, incluyendo sus antecedentes históricos. | |
| 650 | 1 | 7 | |9 2661 |a FMI |
| 650 | 1 | 7 | |9 2662 |a BANCO MUNDIAL |
| 650 | 1 | 0 | |9 5919 |a BRETTON WOODS |
| 700 | 1 | |9 5920 |a Baer, Mónica | |
| 942 | |2 ddc |c LI |h 01.03.02 L699f |i 19080 |6 010302_L699F_19080 | ||
| 999 | |c 40585 |d 40585 | ||



